<?xml version='1.0' encoding='UTF-8'?>
  <record xmlns="http://www.loc.gov/MARC21/slim">
    <leader>00000ctm a22000007a 4500</leader>
    <controlfield tag="001">ocn965408084</controlfield>
    <controlfield tag="003">OCoLC</controlfield>
    <controlfield tag="005">20240412195211.2</controlfield>
    <controlfield tag="008">150108q16301630ne            000 0 dut d</controlfield>
    <datafield tag="040" ind1=" " ind2=" ">
      <subfield code="a">QGJ</subfield>
      <subfield code="b">dut</subfield>
      <subfield code="c">QGJ</subfield>
      <subfield code="d">QGJ</subfield>
      <subfield code="d">OCLCL</subfield>
      <subfield code="d">OCLCQ</subfield>
    </datafield>
    <datafield tag="035" ind1=" " ind2=" ">
      <subfield code="a">(OCoLC)965408084</subfield>
    </datafield>
    <datafield tag="100" ind1="1" ind2=" ">
      <subfield code="a">Booth, Abraham,</subfield>
      <subfield code="d">1606-1636,</subfield>
      <subfield code="e">author.</subfield>
      <subfield code="4">aut</subfield>
      <subfield code="1">https://id.oclc.org/worldcat/entity/E39PBJcKJWF98hXXHdFXcRfjG3</subfield>
    </datafield>
    <datafield tag="245" ind1="1" ind2="0">
      <subfield code="a">Englandts descriptie /</subfield>
      <subfield code="c">Abraham Booth.</subfield>
      <subfield code="f">UBU Hs. 1198 (Hs 5 L 23).</subfield>
    </datafield>
    <datafield tag="260" ind1=" " ind2=" ">
      <subfield code="c">[ca. 1630]</subfield>
    </datafield>
    <datafield tag="300" ind1=" " ind2=" ">
      <subfield code="a">168 fol. :</subfield>
      <subfield code="b">ill. ;</subfield>
      <subfield code="c">140 x 172 (ca. 100 x 100) mm.</subfield>
    </datafield>
    <datafield tag="336" ind1=" " ind2=" ">
      <subfield code="a">text</subfield>
      <subfield code="b">txt</subfield>
      <subfield code="2">rdacontent</subfield>
    </datafield>
    <datafield tag="337" ind1=" " ind2=" ">
      <subfield code="a">unmediated</subfield>
      <subfield code="b">n</subfield>
      <subfield code="2">rdamedia</subfield>
    </datafield>
    <datafield tag="338" ind1=" " ind2=" ">
      <subfield code="a">volume</subfield>
      <subfield code="b">nc</subfield>
      <subfield code="2">rdacarrier</subfield>
    </datafield>
    <datafield tag="340" ind1=" " ind2=" ">
      <subfield code="a">Papier.</subfield>
    </datafield>
    <datafield tag="500" ind1=" " ind2=" ">
      <subfield code="a">Oblong.</subfield>
    </datafield>
    <datafield tag="500" ind1=" " ind2=" ">
      <subfield code="a">168 genummerde folia. Tussen fol. 15 en 16 bevinden zich 10 blanco folia, tussen fol. 79 en 80 bevinden zich 8 blanco folia, tussen fol. 81 en 82 bevinden zich 6 blanco folia; tussen fol. 102 en 103 bevindt zich 1 blanco folium, tussen fol. 107 en 108 bevinden zich 9 blanco folia, tussen fol. 136 en 137 bevindt zich 1 blanco folium, tussen fol. 154 en 155 bevinden zich 3 blanco folia, na fol. 168 nog 29 blanco folia</subfield>
    </datafield>
    <datafield tag="500" ind1=" " ind2=" ">
      <subfield code="a">Illustraties: merendeels ingekleurde tekeningen. Ook gedrukte illustraties o.a. kaart van Engeland, plattegronden van Londen en Westminster.</subfield>
    </datafield>
    <datafield tag="500" ind1=" " ind2=" ">
      <subfield code="a">Voor gedrukte editie van enkele fragmenten zie: A. Booth, Een dienaer der Oost-Indische Compagnie te Londen in 1629. Journael van Abram Booth en zijn descriptie van Engelandt. Uitg., ingel. en toegel. door A. Merens. 's-Gravenhage 1942, p. 177-213 (=fol. 108r-139r); p. 214-215 (=fol. 80r-81r); p. 216-217 (=fol. 22r-24r); p. 221-234 (=fol. 144r); p. 221-234 (=fol. 140r-154r).</subfield>
    </datafield>
    <datafield tag="500" ind1=" " ind2=" ">
      <subfield code="a">Tussen fol. 82 en 84 zat een gravure getiteld: The view of the cittye of London from the North towards the Sowth (143 x 740 mm). In augustus 1985 is deze gravure losgemaakt en gerestaureerd, en wordt nu apart bewaard.</subfield>
    </datafield>
    <datafield tag="505" ind1="0" ind2=" ">
      <subfield code="a">[Algemeen gedeelte] (fol. 2r-fol. 81r) -- Descriptie eeniger steden in Engelant en van Londen (fol. 82r-139r) -- Descriptie van eenige coninx ende andere grooten huysen in Engellandt (fo. 140r-154r) -- Gins en weder reise vuyt Engellant naer Nederlant ende vandaer weder te rugge, bij mij gedaen van xxvii Junii 1629, daer van mijn vertreck totten xxvii Julij dat ik weder tot Londen aen quam (fol. 155r-168v).</subfield>
    </datafield>
    <datafield tag="524" ind1=" " ind2=" ">
      <subfield code="a">Te citeren als: Universiteitsbibliotheek Utrecht Hs. 1198 (Hs 5 L 23).</subfield>
    </datafield>
    <datafield tag="563" ind1=" " ind2=" ">
      <subfield code="a">Perkamenten band.</subfield>
    </datafield>
    <datafield tag="581" ind1=" " ind2=" ">
      <subfield code="a">P.A. Tiele, Catalogus codicum manu scriptorum Bibliothecae Universitatis Rheno-Trajectinae. I. Trajecti ad Rhenum / Hagae Comitis 1887. P. 288.</subfield>
    </datafield>
    <datafield tag="581" ind1=" " ind2=" ">
      <subfield code="a">J.L. Hotson, 'This wooden O. Shakespeare's curtain theatre identified', in: London Times, 26 March 1954. P. 7, 14.</subfield>
    </datafield>
    <datafield tag="581" ind1=" " ind2=" ">
      <subfield code="a">A.M. Hind, Engraving in England in the sixteenth and seventeenth centuries. A descriptive catalogue with introductions. 2 . Cambridge 1955. P. 112-114, pl. 52-53.</subfield>
    </datafield>
    <datafield tag="581" ind1=" " ind2=" ">
      <subfield code="a">J.L. Hotson, Shakespeare's wooden O. New York 1960. P. 304-313.</subfield>
    </datafield>
    <datafield tag="581" ind1=" " ind2=" ">
      <subfield code="a">A.G.H. Bachrach, Sir Constantine Huygens and Britain, 1596-1687. A pattern of cultural exchange. Leiden etc. 1962. (= Publications of the Sir Thomas Browne Institute, Leiden. General ser., nr. 1). Pl. 8 (fol. 153: tekening van het huis van Caron).</subfield>
    </datafield>
    <datafield tag="581" ind1=" " ind2=" ">
      <subfield code="a">S. Fisher, The theatre, the curtain and the globe. Montreal 1964.</subfield>
    </datafield>
    <datafield tag="581" ind1=" " ind2=" ">
      <subfield code="a">The growth of London, AD 43-1964. Catalogue of an exhibition at the Victoria and Albert Museum, 17 July - 30 August 1964. Tent. cat. The Victoria and Albert Museum. London 1964. P. 33 nr. D 10 (fol. 83).</subfield>
    </datafield>
    <datafield tag="581" ind1=" " ind2=" ">
      <subfield code="a">C.W. Hodges, The Globe restored. A study of the Elizabethan theatre. London 1968 (2de druk; eerste druk 1953). P. 110-111, pl. 7.</subfield>
    </datafield>
    <datafield tag="581" ind1=" " ind2=" ">
      <subfield code="a">G. Wickham, Early English stages 2: 1576-1660. 2 dl. London/New York. 1972. P. 68.</subfield>
    </datafield>
    <datafield tag="581" ind1=" " ind2=" ">
      <subfield code="a">F. Barker &amp; P. Jackson, London: 2000 years of a city and its people. London/New York 1974. P. 98-99.</subfield>
    </datafield>
    <datafield tag="581" ind1=" " ind2=" ">
      <subfield code="a">S. Schoenbaum, William Shakespeare. A documentary life. Oxford 1975. P. 104, 105, afb. 82 (fol. 83).</subfield>
    </datafield>
    <datafield tag="581" ind1=" " ind2=" ">
      <subfield code="a">R. Hosley, 'The theatre and the tradition of playhouse design', in: The first public playhouse. The theatre in Shoreditch 1576-1598, p. 47-79. p. 50-56.</subfield>
    </datafield>
    <datafield tag="581" ind1=" " ind2=" ">
      <subfield code="a">The history of the king's works IV. Ed.: H.M. Colvin. London 1982. Pt. 2, pl. 11 (fol. 147: tekening van Hampton Court).</subfield>
    </datafield>
    <datafield tag="581" ind1=" " ind2=" ">
      <subfield code="a">J. Orrell, The quest for Shakespeare's Globe. Cambridge etc. 1983. P. 40.</subfield>
    </datafield>
    <datafield tag="581" ind1=" " ind2=" ">
      <subfield code="a">R.A. Foakes, Illustrations of the English stage, 1580-1642. Stanford 1985. P. 8-9.</subfield>
    </datafield>
    <datafield tag="581" ind1=" " ind2=" ">
      <subfield code="a">R. Hyde, Gilded scenes and shining prospects. Panoramic views of British towns, 1575-1900. Tent. cat. Yale Center for British Art. New Haven 1985. P. 40-41 nr. 3.</subfield>
    </datafield>
    <datafield tag="581" ind1=" " ind2=" ">
      <subfield code="a">J. Orrell, The human stage. English theatre design, 1567-1640. Cambridge etc. 1988. P. 26-31. 65-66.</subfield>
    </datafield>
    <datafield tag="581" ind1=" " ind2=" ">
      <subfield code="a">A. Gurr &amp; J. Orrell, Rebuilding Shakespeare's Globe. New York 1989. P. 104, 112.</subfield>
    </datafield>
    <datafield tag="581" ind1=" " ind2=" ">
      <subfield code="a">J.P. Lusardi, 'The pictured playhouse. Reading the Utrecht engraving of Shakespeare's London', in: Shakespeare quarterly 44 (1993), nr. 2, p. 202-225. p. 202-225.</subfield>
    </datafield>
    <datafield tag="581" ind1=" " ind2=" ">
      <subfield code="a">V.D. Roeper &amp; G.D.J. Wildeman, Reizen op papier. Journalen en reisverslagen van Nederlandse ontdekkingsreizigers, kooplieden en avonturiers. (= Jaarboek / Vereeniging Historisch Scheepvaart Museum te Amsterdam 1996), p. 96-97. p. 96.</subfield>
    </datafield>
    <datafield tag="581" ind1=" " ind2=" ">
      <subfield code="a">H. Berry, 'View of London from the North and the Playhouses in Holywell', in: Shakespeare Survey 53 (2000), p. 196-212.</subfield>
    </datafield>
    <datafield tag="581" ind1=" " ind2=" ">
      <subfield code="a">S. Thurley, Hampton Court. A social and architectural history. New Haven etc. 2003. Afb. op p. 110-111 (f.143 v).</subfield>
    </datafield>
    <datafield tag="581" ind1=" " ind2=" ">
      <subfield code="a">D. Coke &amp; A. Borg, Vauxhall Gardens. A history. New Haven/London 2011. P. 11, afb. 9 (fol.153).</subfield>
    </datafield>
    <datafield tag="530" ind1=" " ind2=" ">
      <subfield code="a">Also available in online version.</subfield>
    </datafield>
    <datafield tag="700" ind1="1" ind2=" ">
      <subfield code="a">Capellen.</subfield>
      <subfield code="e">former owner.</subfield>
      <subfield code="4">fmo</subfield>
    </datafield>
    <datafield tag="710" ind1="2" ind2=" ">
      <subfield code="a">Archief der Provincie Utrecht (Utrecht)</subfield>
      <subfield code="e">former owner.</subfield>
      <subfield code="4">fmo</subfield>
    </datafield>
    <datafield tag="740" ind1="0" ind2=" ">
      <subfield code="a">The view of the cittye of London from the North towards the Sowth.</subfield>
    </datafield>
    <datafield tag="776" ind1="0" ind2="8">
      <subfield code="i">Online version:</subfield>
      <subfield code="a">Booth, Abraham,</subfield>
      <subfield code="t">Englandts descriptie /</subfield>
    </datafield>
    <datafield tag="856" ind1="4" ind2="1">
      <subfield code="u">http://objects.library.uu.nl/reader/resolver.php?obj=002645627&amp;type=2</subfield>
      <subfield code="x">Online</subfield>
      <subfield code="z">Full text</subfield>
    </datafield>
    <datafield tag="936" ind1=" " ind2=" ">
      <subfield code="a">BATCHLOAD</subfield>
    </datafield>
  </record>